U.S. Cities to States - Tile Selects #4 - Statistics

General Stats
  • This quiz has been taken 41 times
  • The average score is 50 of 60
Answer Stats
Question Tile Select % Correct
Cities in New York. Augusta No
100%
Cities in New York. Boston No
100%
Cities in New York. Charlotte No
100%
Cities in Pennsylvania. Chicago No
100%
Cities in New Jersey. Denver No
100%
Cities in New Jersey. Everett No
100%
Cities in New Jersey. Frankfort No
100%
Cities in Pennsylvania. Jacksonville No
100%
Cities in Maryland. Louisville No
100%
Cities in Pennsylvania. Mobile No
100%
Cities in New York. New York City Yes
100%
Cities in Pennsylvania. Orange Beach No
100%
Cities in New York. Richmond No
100%
Cities in Maryland. San Diego No
100%
Cities in Pennsylvania. Santa Monica No
100%
Cities in New York. Albany Yes
97%
Cities in New Jersey. Alexandria No
97%
Cities in New Hampshire. Boise No
97%
Cities in New Hampshire. Tampa No
97%
Cities in New York. Buffalo Yes
94%
Cities in New Jersey. Cambridge No
94%
Cities in New Jersey. Jersey City Yes
94%
Cities in Maryland. Montgomery No
94%
Cities in New Jersey. Newark Yes
94%
Cities in Pennsylvania. Rock Hill No
94%
Cities in New Jersey. Stowe No
94%
Cities in New York. Williamsburg No
94%
Cities in New Jersey. Atlantic City Yes
91%
Cities in New York. Hershey No
91%
Cities in New Hampshire. Olympia No
91%
Cities in Pennsylvania. Philadelphia Yes
91%
Cities in Maryland. Roanoke No
91%
Cities in New York. Syracuse Yes
91%
Cities in Maryland. Annapolis Yes
89%
Cities in New Hampshire. Concord Yes
89%
Cities in New Hampshire. Nampa No
89%
Cities in New York. Niagara Falls Yes
89%
Cities in Pennsylvania. Pittsburgh Yes
89%
Cities in New Jersey. Trenton Yes
89%
Cities in Maryland. Greenville No
86%
Cities in Maryland. Riverside No
86%
Cities in New York. Rochester Yes
86%
Cities in Pennsylvania. Allentown Yes
83%
Cities in Pennsylvania. Harrisburg Yes
83%
Cities in Maryland. Baltimore Yes
80%
Cities in New Hampshire. Rutland No
77%
Cities in New Hampshire. Worcester No
77%
Cities in Pennsylvania. Scranton Yes
74%
Cities in New Hampshire. Manchester Yes
66%
Cities in Maryland. Frederick Yes
63%
Cities in Pennsylvania. Lancaster Yes
63%
Cities in Maryland. Rockville Yes
57%
Cities in New Hampshire. Nashua Yes
54%
Cities in New Hampshire. Portsmouth Yes
54%
Cities in Maryland. Germantown Yes
51%
Cities in New Jersey. Paterson Yes
51%
Cities in New Jersey. Toms River Yes
46%
Cities in New Hampshire. Keene Yes
29%
Cities in New Hampshire. Hampton Yes
20%
Cities in Maryland. Columbia Yes
17%
No matching quizzes found
Score Distribution
Percent of People with Each Score
Percentile by Number Answered
Your Score History
You have not taken this quiz